Jerome and the monastic clergy : a commentary on letter 52 to Nepotian, with introduction, text, and translation /
In Jerome and the Monastic Clergy , Andrew Cain provides the first full-scale commentary on the famous Letter to Nepotian, in which Jerome articulates his radical plan for imposing a strict ascetic code of conduct on the contemporary clergy. Cain comprehensively addresses stylistic, literary, histor...
المؤلف الرئيسي:
مؤلفون آخرون:
التنسيق: كتاب الكتروني
اللغة:
English
Latin
منشور في:
Leiden ; Boston :
Brill,
2013.
سلاسل:
Vigiliae Christianae, Supplements
119.
Vigiliae Christianae Supplements Online, ISBN: 9789004308961.
الموضوعات:
الوصول للمادة أونلاين: Login to view Source
الوسوم: إضافة وسم
رقم الطلب: BR65.J476 C35 2013
| LEADER | 03342nam a2200541 i 4500 | ||
|---|---|---|---|
| 001 | BRILL9789004244382 | ||
| 003 | nllekb | ||
| 005 | 20210602101432.0 | ||
| 006 | m d | ||
| 007 | cr un uuuua | ||
| 008 | 130325s2013 ne sb 001 0 eng d | ||
| 010 | |a 2012048523 | ||
| 020 | |a 9789004244382 |q (electronic book) | ||
| 020 | |z 9789004237063 |q (print) | ||
| 024 | 7 | |a 10.1163/9789004244382 |2 DOI | |
| 035 | |a (OCoLC)835946366 |z (OCoLC)824530833 |z (OCoLC)842394171 | ||
| 040 | |a NL-LeKB |c NL-LeKB |e rda | ||
| 041 | 1 | |a eng |a lat |h lat | |
| 050 | 4 | |a BR65.J476 |b C35 2013 | |
| 072 | 7 | |a HRCC1 |2 bicssc | |
| 072 | 7 | |a REL015000 |2 bisacsh | |
| 082 | 0 | 4 | |a 271.009/015 |2 23 |
| 100 | 1 | |a Cain, Andrew. | |
| 245 | 1 | 0 | |a Jerome and the monastic clergy : |b a commentary on letter 52 to Nepotian, with introduction, text, and translation / |c by Andrew Cain. |
| 264 | 1 | |a Leiden ; |a Boston : |b Brill, |c 2013. | |
| 300 | |a 1 online resource (xiii, 324 pages) | ||
| 336 | |a text |b txt |2 rdacontent | ||
| 337 | |a computer |b c |2 rdamedia | ||
| 338 | |a online resource |2 rdacarrier | ||
| 490 | 1 | |a Supplements to Vigiliae Christianae ; |v v. 119 | |
| 504 | |a Includes bibliographical references (p. 25-30 and 275-289) and indexes. | ||
| 505 | 0 | 0 | |a Front Matter -- Introduction -- References -- Text and Translation -- Commentary -- Bibliography of Ancient Authors -- Indexes. |
| 506 | |a Available to subscribing member institutions only. | ||
| 520 | |a In Jerome and the Monastic Clergy , Andrew Cain provides the first full-scale commentary on the famous Letter to Nepotian, in which Jerome articulates his radical plan for imposing a strict ascetic code of conduct on the contemporary clergy. Cain comprehensively addresses stylistic, literary, historical, text-critical and other issues of interpretive interest. Accompanying the commentary is an introduction which situates the Letter in the broader context of its author's life and work and exposes its fundamental propagandistic dimensions. The revised critical Latin text and the new facing-page translation will make the Letter more accessible than ever before and will provide a reliable textual apparatus for future scholarship on this key writing by one of the most prolific authors in Latin antiquity. | ||
| 546 | |a Introduction and commentary in English; text of Jerome's letter Ad Nepotianum in Latin, with English translation on facing pages. | ||
| 600 | 0 | 0 | |a Jerome, |c Saint, |d -419 or 420. |t Ad Nepotianum presbyterum. |
| 600 | 0 | 0 | |a Nepotian, |c of Altinum, |d -396. |
| 650 | 0 | |a Clergy |x Conduct of life |v Early works to 1800. | |
| 650 | 0 | |a Monastic and religious life |x History |y Early church, ca. 30-600. | |
| 700 | 0 | 2 | |a Jerome, |c Saint, |d -419 or 420. |t Ad Nepotianum presbyterum. |
| 700 | 0 | 2 | |a Jerome, |c Saint, |d -419 or 420. |t Ad Nepotianum presbyterum. |l English. |
| 776 | 0 | 8 | |i Print version: |t Jerome and the Monastic Clergy: A Commentary on Letter 52 to Nepotian, with Introduction, Text, and Translation |d Leiden, Boston : BRILL, 2013, |z 9789004237063 |
| 830 | 0 | |a Vigiliae Christianae, Supplements |v 119. | |
| 830 | 0 | |a Vigiliae Christianae Supplements Online, ISBN: 9789004308961. | |
| 856 | 4 | |z DOI: |u http://dx.doi.org/10.1163/9789004244382 | |
| 942 | |c EBOOK | ||
| 952 | |0 0 |1 0 |4 0 |7 1 |9 14372 |a BRILL |b BRILL |d 2021-06-02 |l 0 |r 2021-06-02 00:00:00 |w 2021-06-02 |y EBOOK | ||
| 999 | |c 35822 |d 35822 | ||
